[Event "Østlandsserien 2017/2018, 4. div. A"]
[Site "Ås, Akershus NOR"]
[Date "2018.01.14"]
[Round "3"]
[White "Thowsen, Alf Geir"]
[Black "Chikwati, Elvis"]
[Result "0-1"]
[WhiteElo "1170"]
[BlackElo "1638"]
[PlyCount "80"]
[EventDate "2017.11.05"]
[WhiteTeam "Follo 3"]
[BlackTeam "Akademisk 2"]

1. d4 Nf6 2. Nc3 d5 3. Nf3 Bf5 4. e3 e6 5. Bd3 Bxd3 6. cxd3 Be7 7. O-O O-O 8.
Bd2 c5 9. dxc5 Bxc5 10. Rc1 Nbd7 11. d4 Be7 12. Qb3 Nb6 13. Rc2 Rc8 14. Rfc1
Bd6 15. Nb5 Rxc2 16. Rxc2 Bb8 17. Ne5 a6 18. Nc3 Bxe5 19. dxe5 Ng4 20. h3 Nxe5
21. Ne2 Nec4 22. Qd3 Nxd2 23. Qxd2 Nc4 24. Qc1 Qf6 25. b3 Nd6 26. Rc7 h6 27.
Qc5 Ne4 28. Qc2 Qxf2+ 29. Kh2 Qxe3 30. Rxb7 Nd6 31. Rc7 Qe5+ 32. Kg1 Nf5 33.
Rc6 d4 34. Qd3 a5 35. Rc4 Rd8 36. g4 Nh4 37. Nxd4 Qe1+ 38. Qf1 Qe3+ 39. Qf2
Qxh3 40. Ra4 Rxd4 0-1

[Event "Østlandsserien 2017/2018, 4. div. A"]
[Site "Ås, Akershus NOR"]
[Date "2018.01.14"]
[Round "3"]
[White "Fjellheim, Marius"]
[Black "Samset, Jon"]
[Result "1-0"]
[WhiteElo "1437"]
[BlackElo "1120"]
[PlyCount "71"]
[EventDate "2017.11.05"]
[WhiteTeam "Akademisk 2"]
[BlackTeam "Follo 3"]

1. d4 g6 2. Bf4 b5 3. e4 a6 4. Bd3 d6 5. Nf3 Bg7 6. Nc3 Nf6 7. O-O O-O 8. a4 b4
9. Ne2 a5 10. Ng3 Bb7 11. c3 c5 12. Qe2 Nbd7 13. Rfd1 Qb6 14. e5 Bxf3 15. Qxf3
dxe5 16. dxe5 Nh5 17. Nxh5 gxh5 18. Qxh5 h6 19. Qf5 Rfd8 20. Be4 Ra7 21. Rd3
Nf8 22. Rg3 Ng6 23. e6 Qxe6 24. Qxe6 fxe6 25. Rxg6 Kf7 26. Bxh6 Bxh6 27. Rxh6
b3 28. Bc6 Rd2 29. Rb1 Rc7 30. Bb5 Rc8 31. Kf1 Rcd8 32. Ke1 Rc2 33. Bc4 Rdd2
34. Rxe6 Rxb2 35. Rxb2 Rxb2 36. Re2+ 1-0

[Event "Østlandsserien 2017/2018, 3. div. A"]
[Site "Oslo NOR"]
[Date "2018.02.04"]
[Round "4"]
[White "Lange, Holger"]
[Black "Andersen, Guttorm"]
[Result "1/2-1/2"]
[WhiteElo "1586"]
[BlackElo "1750"]
[PlyCount "61"]
[EventDate "2017.11.05"]
[WhiteTeam "Follo 1"]
[BlackTeam "Stjernen 2"]

1. e4 e5 2. Nf3 Nf6 3. d4 d5 4. Nxe5 Nxe4 5. Bd3 Bd6 6. O-O O-O 7. c4 Be6 8.
cxd5 Bxd5 9. Re1 Nf6 10. Nc3 Be7 11. Bg5 c6 12. Bc2 Nbd7 13. Qd3 g6 14. Qh3 Be6
15. Qh4 Nxe5 16. dxe5 Nd5 17. Bxe7 Qxe7 18. Qxe7 Nxe7 19. Ne4 Rad8 20. Nd6 Rd7
21. Ne4 Kg7 22. a3 Rfd8 23. Nd6 Nc8 24. Nxc8 Rxc8 25. Rad1 Rcd8 26. f4 Rd2 27.
Rf1 f6 28. exf6+ Kxf6 29. Rxd2 Rxd2 30. Rf2 Rxf2 31. Kxf2 1/2-1/2

[Event "Østlandsserien 2017/2018, 3. div. A"]
[Site "Oslo NOR"]
[Date "2018.02.04"]
[Round "4"]
[White "Moberg, Jan Rune"]
[Black "Sejersted, Adrian"]
[Result "0-1"]
[WhiteElo "1506"]
[BlackElo "1699"]
[PlyCount "64"]
[EventDate "2017.11.05"]
[WhiteTeam "Follo 1"]
[BlackTeam "Stjernen 2"]

1. d4 b6 2. Bf4 Bb7 3. e3 e6 4. Nf3 Nf6 5. Be2 Ne4 6. h3 Be7 7. Nbd2 f5 8. Nxe4
Bxe4 9. a3 O-O 10. c4 d6 11. Bd3 Bb7 12. Qb3 Kh8 13. Qc3 Nd7 14. Bc2 Qe8 15.
Rg1 Bf6 16. Ba4 Qf7 17. Ng5 Qe7 18. h4 e5 19. dxe5 Nxe5 20. Bxe5 Bxe5 21. Qd2
f4 22. Qd3 g6 23. O-O-O fxe3 24. fxe3 Rf2 25. Bc2 Raf8 26. Ne4 Bxe4 27. Qxe4
Qf6 28. h5 Bxb2+ 29. Kb1 Ba1 30. Rd4 Bxd4 31. exd4 Rf4 32. Qe2 Rf1+ 0-1

[Event "Østlandsserien 2017/2018, 3. div. A"]
[Site "Oslo NOR"]
[Date "2018.02.04"]
[Round "4"]
[White "Smedsrud, Morten S"]
[Black "Kielland-Lund, Jon"]
[Result "1/2-1/2"]
[WhiteElo "1124"]
[BlackElo "1463"]
[Annotator "Kielland-Lund, Jon"]
[PlyCount "62"]
[EventDate "2017.11.05"]
[WhiteTeam "Stjernen 2"]
[BlackTeam "Follo 1"]

1. e4 c6 2. d4 d5 3. Nc3 dxe4 4. Nxe4 Bf5 5. Ng3 Bg6 6. h4 h6 7. h5 Bh7 8. Nf3
Nd7 9. Bd3 Bxd3 10. Qxd3 e6 11. Bd2 Qc7 12. O-O-O Ngf6 13. Ne4 O-O-O 14. Qe2
Nxe4 15. Qxe4 Nf6 16. Qe2 Kb8 17. Rh4 Bd6 18. g4 Qe7 {Le4 utligner.} 19. Rdh1
Nh7 20. Ne5 c5 {? (Lc7)} 21. dxc5 Bxc5 22. f4 Ka8 23. g5 hxg5 24. fxg5 Bd6 25.
g6 (25. Ng6 $1 {vinner:} fxg6 26. hxg6 e5 27. gxh7 g6) 25... Bxe5 26. Qxe5 f6
27. Qg3 Ng5 28. Rg4 Rd5 29. Qg2 Rf5 30. Rf4 Rd5 31. Rg4 Rf5 {Remis ved
trekkgjentagelse} 1/2-1/2

[Event "Østlandsserien 2017/2018, 3. div. B"]
[Site "Oslo NOR"]
[Date "2018.02.04"]
[Round "4"]
[White "Lund, Petter"]
[Black "Aarnes, Eirik"]
[Result "0-1"]
[WhiteElo "1493"]
[BlackElo "1629"]
[PlyCount "76"]
[EventDate "2017.11.05"]
[WhiteTeam "Follo 2"]
[BlackTeam "Stjernen 3"]

1. d4 d5 2. Nf3 Nf6 3. Bg5 Ne4 4. Bh4 c6 5. c3 Qb6 6. Qc1 Nd7 7. Nbd2 Nxd2 8.
Nxd2 e5 9. e3 Bd6 10. Bg3 O-O 11. Nf3 Re8 12. Be2 Qc7 13. O-O e4 14. Bxd6 Qxd6
15. Nd2 Re6 16. f4 Rg6 17. Rf2 Nf6 18. Nf1 Bg4 19. Qd2 Bxe2 20. Rxe2 a5 21. Kf2
Ng4+ 22. Ke1 f5 23. h3 Nf6 24. Kd1 b5 25. Nh2 b4 26. Kc2 Rc8 27. Rg1 c5 28. Kb1
cxd4 29. cxd4 Nd7 30. g4 Nb6 31. Rc1 Nc4 32. Qe1 Qa6 33. gxf5 Rgc6 34. Ka1 Nd2
35. Rc5 Nc4 36. Rc2 Rxc5 37. dxc5 Rxc5 38. b3 Qf6+ 0-1

[Event "Østlandsserien 2017/2018, 3. div. B"]
[Site "Oslo NOR"]
[Date "2018.02.04"]
[Round "4"]
[White "Grindbakken, Erik"]
[Black "Bø, Martin"]
[Result "1/2-1/2"]
[WhiteElo "1607"]
[BlackElo "1472"]
[PlyCount "65"]
[EventDate "2017.11.05"]
[WhiteTeam "Stjernen 3"]
[BlackTeam "Follo 2"]

1. Nf3 Nf6 2. d4 d5 3. c4 e6 4. Nc3 c6 5. Bg5 dxc4 6. e4 b5 7. e5 h6 8. Bh4 g5
9. Nxg5 hxg5 10. Bxg5 Nbd7 11. Qf3 Qb6 12. Bxf6 Nxf6 13. Qxf6 Rg8 14. Qf4 Bb7
15. f3 Be7 16. h4 O-O-O 17. Qxf7 c5 18. Qxe7 cxd4 19. Ne4 Bxe4 20. fxe4 d3 21.
O-O-O Qe3+ 22. Kb1 d2 23. Qxe6+ Kb8 24. Bxc4 Qxe4+ 25. Bd3 Qxd3+ 26. Ka1 Rxg2
27. Qb3 Qe2 28. a4 a6 29. axb5 axb5 30. Qe6 Rg4 31. Qb6+ Kc8 32. Qc6+ Kb8 33.
Qb6+ 1/2-1/2

[Event "Østlandsserien 2017/2018, 3. div. B"]
[Site "Oslo NOR"]
[Date "2018.02.04"]
[Round "4"]
[White "Midtgard, Anders"]
[Black "Bernstein, Jonas August"]
[Result "0-1"]
[WhiteElo "1467"]
[BlackElo "1466"]
[PlyCount "72"]
[EventDate "2017.11.05"]
[WhiteTeam "Follo 2"]
[BlackTeam "Stjernen 3"]

1. d4 Nf6 2. c4 e6 3. Nc3 Bb4 4. Qc2 c5 5. dxc5 O-O 6. a3 Bxc5 7. b4 Be7 8. Bg5
b6 9. Nf3 Bb7 10. e3 d6 11. Be2 Nbd7 12. O-O a6 13. Rfd1 Qc7 14. Nd4 Ne5 15.
Bxf6 Bxf6 16. Ne4 Be7 17. Rac1 Rac8 18. Nf3 Nxf3+ 19. Bxf3 d5 20. Nd2 Rfd8 21.
Qa2 d4 22. Bxb7 Qxb7 23. e4 Bg5 24. Re1 e5 25. Rcd1 Qe7 26. Qb3 Qe6 27. Nf3 Bh6
28. g3 b5 29. Nxe5 Qxe5 30. cxb5 axb5 31. f4 Qc7 32. Rc1 Qb6 33. Qd3 Rc3 34.
Rxc3 dxc3+ 35. Qe3 Qxe3+ 36. Rxe3 c2 0-1

[Event "Østlandsserien 2017/2018, 3. div. B"]
[Site "Oslo NOR"]
[Date "2018.02.04"]
[Round "4"]
[White "Marosevic, Tomislav"]
[Black "Aarsheim, Geir Arne"]
[Result "1-0"]
[WhiteElo "1428"]
[BlackElo "1303"]
[PlyCount "85"]
[EventDate "2017.11.05"]
[WhiteTeam "Stjernen 3"]
[BlackTeam "Follo 2"]

1. g3 d5 2. Bg2 Nf6 3. Nf3 Bf5 4. d3 Nc6 5. O-O e5 6. c4 e4 7. Nh4 Be6 8. cxd5
Bxd5 9. Nc3 exd3 10. Nxd5 Nxd5 11. Qxd3 Ndb4 12. Qe4+ Be7 13. Bg5 O-O 14. Bxe7
Qxe7 15. Qxe7 Nxe7 16. Bxb7 Rab8 17. Be4 Nbd5 18. Rab1 f5 19. Nxf5 Rb4 20.
Nxe7+ Nxe7 21. f3 c5 22. Rfd1 Rfb8 23. Rd7 Kf7 24. Rxa7 Rxb2 25. Rxb2 Rxb2 26.
Rc7 Rxe2 27. Bd5+ Kf6 28. Bb3 Re1+ 29. Kf2 Rc1 30. g4 g6 31. g5+ Kxg5 32. Rxe7
c4 33. Rc7 c3 34. a4 h5 35. Kg3 Kf5 36. a5 g5 37. Rc5+ Kf6 38. Rc4 Kf5 39. a6
Ra1 40. Ra4 Rg1+ 41. Kf2 Rh1 42. Kg2 Re1 43. a7 1-0

[Event "Østlandsserien 2017/2018, 4. div. A"]
[Site "Fredrikstad, Østfold NOR"]
[Date "2018.02.04"]
[Round "4"]
[White "Bakken, Svein-Erik"]
[Black "Decelle, Christophe"]
[Result "1-0"]
[WhiteElo "1380"]
[BlackElo "1528"]
[PlyCount "115"]
[EventDate "2017.11.05"]
[WhiteTeam "Follo 3"]
[BlackTeam "Fredriksstad 2"]

1. d4 e6 2. c4 b6 3. Nc3 Bb4 4. Nf3 Bb7 5. Bg5 f6 6. Bh4 Nh6 7. e3 O-O 8. Be2
Nf5 9. Bg3 Nxg3 10. hxg3 Qe8 11. Qc2 Qg6 12. Bd3 f5 13. O-O-O Bxc3 14. Qxc3 Be4
15. Nh4 Qf6 16. Nf3 Qe7 17. Rh2 Bxf3 18. gxf3 Nc6 19. Rdh1 h6 20. a3 Qf6 21.
Qc2 a5 22. f4 Rfd8 23. Be2 Rab8 24. g4 Kf8 25. Bf3 Ne7 26. Qd1 fxg4 27. Bxg4
Nf5 28. Qc2 c5 29. Rd1 cxd4 30. Bxf5 Qxf5 31. Qxf5+ exf5 32. Rxd4 Rbc8 33. Kd2
Ke7 34. Kd3 Rc6 35. Rd5 Rf8 36. Rh5 Rd6 37. Kd4 Ke6 38. b4 axb4 39. axb4 Rf6
40. f3 Ke7 41. Rh4 Ke6 42. e4 fxe4 43. fxe4 Rf7 44. Rhh5 Rxd5+ 45. cxd5+ Ke7
46. f5 Rf8 47. Rh3 Rc8 48. e5 Kf7 49. Rg3 b5 50. Rc3 Rxc3 51. Kxc3 g5 52. fxg6+
Kxg6 53. Kd3 Kf5 54. Kd4 h5 55. e6 dxe6 56. d6 Kf6 57. Kc5 h4 58. Kc6 1-0

[Event "Østlandsserien 2017/2018, 4. div. A"]
[Site "Fredrikstad, Østfold NOR"]
[Date "2018.02.04"]
[Round "4"]
[White "Øieroset, Henrik"]
[Black "Thowsen, Alf Geir"]
[Result "1-0"]
[WhiteElo "1508"]
[BlackElo "1170"]
[PlyCount "76"]
[EventDate "2017.11.05"]
[WhiteTeam "Fredriksstad 2"]
[BlackTeam "Follo 3"]

1. e4 e6 2. d4 d5 3. e5 c5 4. c3 Nc6 5. Nf3 Be7 6. Be2 cxd4 7. cxd4 Bd7 8. Be3
Rc8 9. a3 f6 10. O-O Qc7 11. Bf4 fxe5 12. Nxe5 Nxe5 13. Bxe5 Qc2 14. Qxc2 Rxc2
15. Bd3 Rxb2 16. Bxg7 Bf6 17. Bxh8 Bxh8 18. Bxh7 Nf6 19. Bg6+ Ke7 20. Rd1 Ng4
21. Nc3 Nxf2 22. Rdb1 Bxd4 23. Rxb2 Nd3+ 24. Kh1 Nxb2 25. Rc1 Nc4 26. Ne2 Bc5
27. Bd3 b5 28. a4 a6 29. h4 Be3 30. Rf1 e5 31. axb5 axb5 32. Nc3 Bc6 33. Rb1 e4
34. Be2 d4 35. Nxe4 Bxe4 36. Rxb5 Kf6 37. Bxc4 d3 38. Bxd3 Bxd3 1-0

[Event "Østlandsserien 2017/2018, 4. div. A"]
[Site "Fredrikstad, Østfold NOR"]
[Date "2018.02.04"]
[Round "4"]
[White "Samset, Jon"]
[Black "Livendahl, Rolf"]
[Result "0-1"]
[WhiteElo "1120"]
[BlackElo "1490"]
[PlyCount "66"]
[EventDate "2017.11.05"]
[WhiteTeam "Follo 3"]
[BlackTeam "Fredriksstad 2"]

1. Nf3 d5 2. b4 Nf6 3. d4 Bf5 4. g3 e6 5. a3 a6 6. Bg2 Bd6 7. O-O O-O 8. Bb2
Nbd7 9. Nbd2 Re8 10. Ne5 Ne4 11. Nxe4 dxe4 12. Nxd7 Qxd7 13. e3 b5 14. f3 exf3
15. Rxf3 Bg4 16. Rxf7 Qxf7 17. Qxg4 Rab8 18. Rf1 Qe7 19. Be4 Rf8 20. Rf3 Rxf3
21. Qxf3 Rf8 22. Qg2 Qg5 23. Qe2 Kh8 24. d5 exd5 25. Bg2 c6 26. e4 Be5 27. Bxe5
Qxe5 28. Qe1 Re8 29. Qf2 dxe4 30. Qf1 c5 31. c3 Qxc3 32. Bxe4 Qd4+ 33. Qf2
Qxf2+ 0-1

[Event "Østlandsserien 2017/2018, 4. div. A"]
[Site "Fredrikstad, Østfold NOR"]
[Date "2018.02.04"]
[Round "4"]
[White "Sæther, Lars"]
[Black "Lange, Magnus Øyvind"]
[Result "1-0"]
[WhiteElo "1445"]
[BlackElo "1033"]
[PlyCount "97"]
[EventDate "2017.11.05"]
[WhiteTeam "Fredriksstad 2"]
[BlackTeam "Follo 3"]

1. e4 e5 2. Bc4 Nf6 3. Nc3 Bb4 4. d3 d6 5. Nge2 Nc6 6. Bg5 h6 7. Bh4 Nd4 8. O-O
Bc5 9. Nd5 g5 10. Bg3 Bg4 11. Ndc3 a6 12. h3 Bh5 13. Kh2 b5 14. Bb3 b4 15. Ba4+
Ke7 16. f3 bxc3 17. bxc3 Nxe2 18. Qxe2 Bg6 19. Qd2 Nh7 20. d4 exd4 21. cxd4 Bb6
22. Rfe1 c6 23. Bxc6 Rc8 24. Bd5 Ba5 25. Qd3 Bxe1 26. Rxe1 Qa5 27. Bc4 Qa4 28.
Bb3 Qb5 29. c4 Qb4 30. Qe3 Kf8 31. d5 Qc5 32. Qc3 f6 33. Re2 Kg7 34. Bf2 Qc7
35. Bd4 Rhf8 36. g4 Rf7 37. Kg2 Nf8 38. e5 dxe5 39. Rxe5 Nd7 40. Re6 a5 41. c5
Qf4 42. c6 Nf8 43. Re2 Rfc7 44. Qc5 Bd3 45. Re7+ Rxe7 46. Qxe7+ Kg6 47. Be3 Qb4
48. d6 Bc4 49. Bc2+ 1-0

[Event "Østlandsserien 2017/2018, 3. div. B"]
[Site "Ås, Akershus NOR"]
[Date "2018.03.04"]
[Round "5"]
[White "Ski, Jonathan K"]
[Black "Barane, Simon"]
[Result "0-1"]
[WhiteElo "1741"]
[BlackElo "1796"]
[PlyCount "122"]
[EventDate "2017.11.05"]
[WhiteTeam "OSS kadett"]
[BlackTeam "Follo 2"]

1. d4 Nf6 2. Nf3 d5 3. g3 Nc6 4. Bg2 Bg4 5. O-O Bxf3 6. exf3 (6. Bxf3 e5 7. e3)
6... e6 7. Bf4 Bd6 8. Bxd6 cxd6 9. f4 Qb6 10. Nc3 Qxd4 (10... Qxb2 11. Nxd5
exd5 12. Re1+ Kf8 13. Rb1 Qxa2 14. Rxb7 g6) 11. Nb5 Qxd1 12. Raxd1 Kd7 13. c4
Ne7 14. Rd2 a6 15. Na3 b5 16. cxb5 axb5 17. Nxb5 Rxa2 18. Rc1 Rb8 19. Bf1 Ra5
20. Nd4 Rc5 21. Rb1 Nc6 22. Nxc6 Rxc6 23. b4 Rcb6 24. b5 Ne4 25. Rdb2 Nc3 26.
Ra1 h5 (26... Nxb5 27. Rab1 Kc6 28. Rc1+) 27. Ra7+ R8b7 28. Rxb7+ Rxb7 29. b6
Kc6 30. Rb3 d4 31. Rb4 e5 32. fxe5 Kc5 33. Rc4+ Kd5 34. exd6 (34. Rxc3 dxc3 35.
Bg2+ Kc5 36. exd6) 34... Rxb6 35. d7 Rd6 36. Rc7 g5 (36... Ke6 $1) 37. Bc4+ Ke5
38. Bxf7 Ne4 39. Ra7 d3 40. Bxh5 (40. Ra5+ $1) 40... Nf6 41. Bf3 Rxd7 42. Rxd7
Nxd7 43. Kf1 Kd4 44. Ke1 Ne5 45. Bb7 Kc3 46. Kd1 Ng4 47. Bf3 Nxf2+ 48. Ke1 g4
49. Be2 dxe2 50. Kxe2 Nh3 51. Ke3 Kc2 52. Ke4 Kd2 53. Kf5 Nf2 54. Kf4 Ke2 55.
h4 gxh3 56. g4 Nxg4 57. Kg3 Nf2 58. Kh2 Kf3 59. Kg1 Kg3 60. Kf1 h2 61. Ke2 h1=Q
0-1

[Event "Østlandsserien 2017/2018, 3. div. B"]
[Site "Ås, Akershus NOR"]
[Date "2018.03.04"]
[Round "5"]
[White "Andersen, Odd"]
[Black "Melaa, Sondre Lillestøl"]
[Result "1/2-1/2"]
[WhiteElo "1583"]
[BlackElo "1734"]
[PlyCount "81"]
[EventDate "2017.11.05"]
[WhiteTeam "Follo 2"]
[BlackTeam "OSS kadett"]

1. d4 Nf6 2. c4 e6 3. Nf3 c5 4. e3 cxd4 5. exd4 d5 6. Nc3 a6 7. Bf4 dxc4 8.
Bxc4 b5 9. Bb3 Bb7 10. O-O Bd6 11. Bxd6 Qxd6 12. Qe2 Nbd7 13. Rad1 O-O 14. Bc2
Rac8 15. Bb1 Rfd8 16. Rfe1 b4 17. Ne4 Bxe4 18. Bxe4 Nxe4 19. Qxe4 Nf6 20. Qd3
Rc7 21. Rc1 Rdc8 22. Rxc7 Rxc7 23. Qd2 Rd7 24. Rc1 Rd8 25. h3 h6 26. Qc2 Qb8
27. Qc7 Qxc7 28. Rxc7 Rd5 29. Rc8+ Kh7 30. Rc2 Ra5 31. b3 Nd5 32. Ne5 Nc3 33.
Nc6 Rxa2 34. Nxb4 Ra1+ 35. Kh2 Nb5 36. d5 exd5 37. Nxd5 Rd1 38. Nb4 Nd4 39. Ra2
Nxb3 40. Rxa6 Rd2 41. Ra2 1/2-1/2

[Event "Østlandsserien 2017/2018, 3. div. B"]
[Site "Ås, Akershus NOR"]
[Date "2018.03.04"]
[Round "5"]
[White "Sidali, Elias Hulleberg"]
[Black "Bø, Martin"]
[Result "1-0"]
[WhiteElo "1661"]
[BlackElo "1471"]
[PlyCount "52"]
[EventDate "2017.11.05"]
[WhiteTeam "OSS kadett"]
[BlackTeam "Follo 2"]

1. d4 {[%emt 0:00:00]} Nf6 2. Bf4 e6 3. e3 b6 4. Nf3 Bb7 5. Nbd2 Bd6 6. Bg3 O-O
7. Bd3 Bxg3 8. hxg3 d5 9. g4 Ne4 10. c3 Nd7 11. Qc2 f5 12. gxf5 exf5 13. c4 c6
14. g4 c5 (14... fxg4 15. Bxe4 dxe4 16. Qxe4 gxf3 17. Qxh7+ Kf7 18. Rg1 Rg8)
15. gxf5 Nef6 16. Rg1 cxd4 17. Nxd4 Nc5 18. Ne6 (18. Be2 Qe7 19. b4 Nce4 20.
Ne6 Rf7) 18... Nxe6 19. fxe6 Qe7 20. cxd5 Bxd5 21. e4 Qxe6 (21... Rac8 22. Qa4
Bxe6) 22. Kd1 Nxe4 23. Bxe4 Rxf2 24. Qc3 Rf7 (24... g6 25. Bxd5 Qxd5 26. Qe3
Raf8 27. Rc1 Qh5+) 25. Qd4 Bxe4 26. Qxe4 Qd7 1-0

[Event "Østlandsserien 2017/2018, 3. div. B"]
[Site "Ås, Akershus NOR"]
[Date "2018.03.04"]
[Round "5"]
[White "Aarsheim, Geir Arne"]
[Black "Tunsjø, Axel"]
[Result "0-1"]
[WhiteElo "1303"]
[BlackElo "1581"]
[PlyCount "82"]
[EventDate "2017.11.05"]
[WhiteTeam "Follo 2"]
[BlackTeam "OSS kadett"]

1. e4 c5 2. Nf3 e6 3. Nc3 a6 4. Be2 Qc7 5. d3 b5 6. Be3 Bb7 7. Qd2 Nc6 8. Bf4
d6 9. Bg3 Be7 10. h3 Nf6 11. Nd1 O-O 12. Ne3 Nd4 13. Nxd4 cxd4 14. Ng4 Rac8 15.
Rc1 e5 16. O-O Nd7 17. c3 Qa5 18. b4 dxc3 19. Rxc3 Qxb4 20. Rfc1 Nc5 21. Qd1
Na4 22. Rxc8 Rxc8 23. Rxc8+ Bxc8 24. Qc1 Qc3 25. Qe3 h5 26. Nh6+ gxh6 27. Qxh6
Qe1+ 28. Bf1 Nc3 29. Qxh5 Qd1 30. Qxd1 Nxd1 31. f4 f6 32. fxe5 dxe5 33. Be1 Be6
34. Be2 Bc5+ 35. Kh2 Ne3 36. Bf2 Bxa2 37. Kg3 b4 38. Kf3 b3 39. Bxe3 Bxe3 40.
Bd1 b2 41. Bc2 Bd4 0-1

[Event "Østlandsserien 2017/2018, 4. div. A"]
[Site "Ås, Akershus NOR"]
[Date "2018.03.04"]
[Round "5"]
[White "Mørkedal, Øyvind"]
[Black "Thowsen, Alf Geir"]
[Result "1-0"]
[WhiteElo "1511"]
[BlackElo "1185"]
[PlyCount "57"]
[EventDate "2017.11.05"]
[WhiteTeam "SK 1911 5"]
[BlackTeam "Follo 3"]

1. e4 e6 2. d4 d5 3. exd5 exd5 4. Nf3 Nc6 5. c3 Be7 6. Bd3 Nf6 7. O-O O-O 8.
Bg5 Bg4 9. Nbd2 Re8 10. Qc2 g6 11. Rfe1 Be6 12. h4 Ng4 13. Bxe7 Qxe7 14. Ng5
Qd6 15. Ndf3 Kg7 16. h5 Nf6 17. h6+ Kxh6 18. Rxe6 Qxe6 19. Nxe6 Rxe6 20. Qd2+
Kg7 21. Re1 Rae8 22. Rxe6 Rxe6 23. Qf4 Ne8 24. Ne5 Rf6 25. Qg3 Re6 26. Nxc6
Rxc6 27. Bb5 Re6 28. Bxe8 Rxe8 29. Qxc7 1-0

[Event "Østlandsserien 2017/2018, 4. div. A"]
[Site "Ås, Akershus NOR"]
[Date "2018.03.04"]
[Round "5"]
[White "Sandvik, Sander"]
[Black "Tveraabak, Jørgen"]
[Result "0-1"]
[WhiteElo "1148"]
[BlackElo "1333"]
[PlyCount "66"]
[EventDate "2017.11.05"]
[WhiteTeam "Follo 3"]
[BlackTeam "SK 1911 5"]

1. e4 c5 2. Nc3 e6 3. g3 d6 4. Bg2 a6 5. d3 Nc6 6. Nf3 h6 7. O-O Be7 8. Be3 Qc7
9. d4 cxd4 10. Nxd4 Nf6 11. h3 Nxd4 12. Bxd4 e5 13. Be3 Be6 14. Na4 Nd7 15. Qd2
Rc8 16. Nc3 b5 17. Rac1 Nf6 18. f4 exf4 19. Bxf4 Nh5 20. Nd5 Bxd5 21. exd5 Nxf4
22. Qxf4 O-O 23. h4 Bf6 24. c3 Be5 25. Qg4 Qe7 26. Rce1 Rc4 27. Re4 Rxe4 28.
Qxe4 Qa7+ 29. Kh2 Re8 30. Qf3 Rf8 31. Re1 Qe7 32. Rf1 Qxh4+ 33. Kg1 Bxg3 0-1

[Event "Østlandsserien 2017/2018, 4. div. A"]
[Site "Ås, Akershus NOR"]
[Date "2018.03.04"]
[Round "5"]
[White "Selvik, Kjetil"]
[Black "Rønbeck, Bjørn"]
[Result "1/2-1/2"]
[WhiteElo "1130"]
[BlackElo "1130"]
[PlyCount "123"]
[EventDate "2017.11.05"]
[WhiteTeam "SK 1911 5"]
[BlackTeam "Follo 3"]

1. d4 d5 2. Bf4 e6 3. Nf3 Nc6 4. e3 Bd6 5. Bg3 Nf6 6. Nbd2 O-O 7. c3 a6 8. Bd3
Re8 9. Ne5 Ne7 10. h4 Nf5 11. Bf4 Nd7 12. h5 Nxe5 13. dxe5 Bf8 14. Nf3 Be7 15.
Qc2 c5 16. g4 c4 17. Be2 Nh4 18. Nxh4 Bxh4 19. Rh2 b5 20. Kd2 Bb7 21. Rg1 Bg5
22. Bxg5 Qxg5 23. f4 Qe7 24. g5 b4 25. Bf3 Red8 26. g6 bxc3+ 27. bxc3 h6 28.
gxf7+ Qxf7 29. Rhg2 Rd7 30. Rg6 Kf8 31. Kc1 Qf5 32. Qb2 Qd3 33. Qd2 Qxd2+ 34.
Kxd2 Re7 35. Rb1 Rae8 36. Rb6 Kf7 37. Bd1 Rc8 38. Ba4 Rc5 39. Bd1 Rb5 40. Rxb5
axb5 41. Kc1 Bc8 42. a4 bxa4 43. Bxa4 Ra7 44. Bc2 Ra6 45. Rg3 Bd7 46. e4 Bc6
47. exd5 Bxd5 48. Re3 Bc6 49. Bg6+ Ke7 50. Bh7 Ra1+ 51. Bb1 Be8 52. Kb2 Ra5 53.
Bg6 Rb5+ 54. Kc2 Ra5 55. Bxe8 Kxe8 56. Kb2 Kf7 57. Re4 Rb5+ 58. Kc2 Rc5 59. Rd4
Rc7 60. Kd2 g6 61. hxg6+ Kxg6 62. Ke3 1/2-1/2

[Event "Østlandsserien 2017/2018, 4. div. A"]
[Site "Ås, Akershus NOR"]
[Date "2018.03.04"]
[Round "5"]
[White "Heien, Aksel"]
[Black "Selvik, Elma"]
[Result "0-1"]
[WhiteElo "955"]
[BlackElo "917"]
[PlyCount "160"]
[EventDate "2017.11.05"]
[WhiteTeam "Follo 3"]
[BlackTeam "SK 1911 5"]

1. e4 e5 2. Nf3 Nc6 3. Bb5 a6 4. Bxc6 dxc6 5. d4 exd4 6. Qxd4 Qxd4 7. Nxd4 Bd7
8. O-O O-O-O 9. Nc3 Bd6 10. Be3 Nf6 11. Bg5 h6 12. Be3 Rhe8 13. f3 g5 14. Nb3
Rg8 15. Bd4 Be7 16. e5 Nd5 17. Nxd5 cxd5 18. Bc5 Rde8 19. Rfe1 Bf5 20. Bxe7
Rxe7 21. Nd4 Bg6 22. e6 h5 23. c3 g4 24. fxg4 hxg4 25. exf7 Rxf7 26. Re3 Be4
27. c4 c6 28. cxd5 Bxd5 29. a4 Rgf8 30. b3 c5 31. Rc1 Kd7 32. Nc2 Rf2 33. Rg3
b6 34. h3 gxh3 35. gxh3 Be4 36. Ne3 R8f3 37. Rxf3 Rxf3 38. Rd1+ Kc6 39. Nc4
Rxh3 40. Rd6+ Kc7 41. Rxb6 Bc2 42. Rxa6 Bxb3 43. Nd2 c4 44. a5 Rd3 45. Ne4 (45.
Nxb3 Rxb3 46. Kf2) 45... c3 46. Nc5 Rd1+ 47. Kf2 Bc4 48. Ra7+ Kc6 49. Na6 Kb5
50. Nc7+ Ka4 51. Nb5 c2 52. Nc3+ Kb3 53. Nxd1 cxd1=Q 54. Re7 Qd4+ 55. Re3+ Ka4
56. Kf3 Kxa5 57. Ra3+ Kb4 58. Re3 Qf6+ 59. Ke4 Kc5 60. Ra3 Qd4+ 61. Kf5 Bd3+
62. Ke6 Qd6+ 63. Kf7 Bg6+ 64. Kg7 Kd5 65. Ra5+ Kc4 66. Ra4+ Kc5 67. Ra5+ Kc4
68. Rg5 ({Hvorfor ikke håpe på:} 68. Ra4+ Kc5 69. Ra5+ Kc4 {og samme stilling
har oppstått 3 ganger}) 68... Be4 69. Rg4 Kd3 70. Rg1 Qd4+ 71. Kf7 Qxg1 72. Ke6
Qg5 73. Kd6 Kc4 74. Ke6 Qf5+ 75. Kd6 Qd5+ 76. Ke7 Qc6 77. Kf7 Kd5 78. Ke7 Qe6+
79. Kd8 Qf7 80. Kc8 Kc6 0-1

[Event "Østlandsserien 2016/2017, 2. div. A"]
[Site "Nittedal, Akershus NOR"]
[Date "2016.10.30"]
[Round "1"]
[White "Hoel, Jørgen"]
[Black "Thrana, Svein Arne"]
[Result "1-0"]
[WhiteElo "1897"]
[BlackElo "1701"]
[PlyCount "77"]
[EventDate "2016.10.30"]
[Board "1"]
[WhiteTeam "Follo 1"]
[BlackTeam "Nittedal"]

1. Nf3 Nf6 2. g3 g6 3. Bg2 Bg7 4. O-O O-O 5. c4 c6 6. Qc2 d5 7. b3 dxc4 8. bxc4
Bf5 9. d3 Na6 10. Bb2 Qc8 11. Rd1 Nc7 12. Nbd2 Rd8 13. Rab1 Nce8 14. Qb3 b6 15.
Ne5 Bd7 16. Qa4 b5 17. cxb5 cxb5 18. Qa3 Nd6 19. Nxd7 Qxd7 20. Bxa8 Rxa8 21.
Nf3 a5 22. Be5 Ng4 23. Bxg7 Kxg7 24. Qb2+ Kg8 25. Ne5 Qf5 26. Nxg4 Qxg4 27. Qe5
Qd7 28. Rdc1 Rd8 29. Rc5 Rb8 30. a4 Rb7 31. axb5 a4 32. Qa1 Ra7 33. b6 Rb7 34.
Ra5 f6 35. Qxa4 Qxa4 36. Rxa4 Kf7 37. Ra7 Ke6 38. Rxb7 Nxb7 39. Rc1 1-0

[Event "Østlandsserien 2016/2017, 2. div. A"]
[Site "Nittedal, Akershus NOR"]
[Date "2016.10.30"]
[Round "1"]
[White "Barane, Simon"]
[Black "Nord, Dag E Bjørkevoll"]
[Result "0-1"]
[WhiteElo "1829"]
[BlackElo "1243"]
[PlyCount "63"]
[EventDate "2016.10.30"]
[Board "3"]
[WhiteTeam "Follo 1"]
[BlackTeam "Nittedal"]

1. e4 e6 2. d4 d5 3. c4 dxe4 4. f3 Nc6 5. Be3 Bb4+ 6. Nc3 Bxc3+ 7. bxc3 exf3 8.
Nxf3 Nf6 9. Bd3 h6 10. O-O Ng4 11. Bc1 O-O 12. h3 Nf6 13. Qe1 Ne7 14. Nh4 Nc6
15. Bxh6 gxh6 16. Rxf6 Qxf6 17. Qe4 Qg7 18. d5 Ne5 19. Bc2 Ng6 20. Rf1 f5 21.
Qe1 Nxh4 22. Qxh4 Qg5 23. Qd4 Qf6 24. Qc5 exd5 25. cxd5 Qb6 26. Qxb6 axb6 27.
Bb3 Kg7 28. Re1 Bd7 29. d6 Rfe8 30. Rd1 cxd6 31. Rxd6 Bc6 32. Bc2 0-1